000 00842nam a2200241 a 4500
001 000008908
003 DO-SdBNP
005 20240927073746.0
008 090921s1944 dr 001 0 spa d
040 _aDO-SdBNP
_bspa
_cBNPHU
049 _aBNPD
082 _aRD860.09
_bB171l
100 1 _a Balaguer, Joaquín,
_d1906-2002
_976556
245 1 0 _aLetras dominicanas /
_cJoaquín Balaguer.
260 _aSantiago de los Caballeros, República Dominicana :
_bEl Diario,
_c1944.
300 _a239 p. ;
_c22 cm.
500 _aIncluye notas al pie de las páginas
504 _aIncluye bibliografía (p. 217)
590 _alibro atográfiado por el autor parael Lic. Damian Báez en la anteportada
650 1 4 _aLiteratura dominicana
_xHistoria
_91311
650 1 4 _aLiteratura dominicana
_xCrítica e interpretación
_9216
942 _2ddc
_cLBS1
999 _c8677
_d8677